000 00438nam a2200121Ia 4500
008 220620s9999||||xx |||||||||||||| ||und||
100 _aJuan C. Mejuto
245 0 _aMicroemulsion - a Chemical Nanoreactor
546 _aEnglish[eng]
650 _aPhysical Sciences||Engineering and Technology||Chemistry||Physical Chemistry||Colloid Science
856 _uhttps://www.intechopen.com/books/microemulsion-a-chemical-nanoreactor
942 _cEB
999 _c21619
_d21619